| 000 -LEADER |
| fixed length control field |
00471cam a2200145 a 4500 |
| 020 ## - INTERNATIONAL STANDARD BOOK NUMBER |
| ISBN |
9971911027 (pbk.) |
| 040 ## - CATALOGING SOURCE |
| Transcribing agency |
DLC |
| 082 00 - DEWEY DECIMAL CLASSIFICATION NUMBER |
| Classification number |
639 RIG 1984 A037 Or. |
| 100 1# - MAIN ENTRY--AUTHOR NAME |
| Personal name |
Chia, Lin Sien. |
| 245 10 - TITLE STATEMENT |
| Title |
Higher education and marine food resources in Indonesia, Malaysia, Singapore, and Thailand / |
| 260 ## - PUBLICATION, DISTRIBUTION, ETC. (IMPRINT) |
| Place of publication |
Singapore : |
| Name of publisher |
Regional Institute of Higher Education and Development, |
| Year of publication |
1984. |
| 300 ## - PHYSICAL DESCRIPTION |
| Number of Pages |
xiii, 113 p. : |
| Other physical details |
map ; |
| Dimensions |
24 cm. |
| 650 #0 - SUBJECT ADDED ENTRY--TOPICAL TERM |
| Topical Term |
Fisheries |
| 942 ## - ADDED ENTRY ELEMENTS (KOHA) |
| Koha item type |
សៀវភៅភាសាអង់គ្លេស |
| 952 ## - LOCATION AND ITEM INFORMATION (KOHA) |
| Withdrawn status [LOCAL, KOHA] |
0 |